Guidance Note on the Implementation of Post-Program Monitoring.

The modern history of the international monetary system (IMS) starts with the shift from a bimetallic system to the Gold Standard in the 1870s and 1880s. Under the Gold Standard, the major national currencies were freely convertible to gold at a fixed exchange rate, with adjustment largely undertake...

Full description

Bibliographic Details
Corporate Author: International Monetary Fund
Format: Journal
Language:English
Published: Washington, D.C. : International Monetary Fund, 2010.
Series:Policy Papers; Policy Paper ; No. 2010/025
Subjects:
Online Access:Full text available on IMF
LEADER 02399cas a2200301 a 4500
001 AALejournalIMF020171
008 230101c9999 xx r poo 0 0eng d
020 |c 5.00 USD 
020 |z 9781498337670 
022 |a 2663-3493 
040 |a BD-DhAAL  |c BD-DhAAL 
110 2 |a International Monetary Fund. 
245 1 0 |a Guidance Note on the Implementation of Post-Program Monitoring. 
264 1 |a Washington, D.C. :  |b International Monetary Fund,  |c 2010. 
300 |a 1 online resource (3 pages) 
490 1 |a Policy Papers 
500 |a <strong>Off-Campus Access:</strong> No User ID or Password Required 
500 |a <strong>On-Campus Access:</strong> No User ID or Password Required 
506 |a Electronic access restricted to authorized BRAC University faculty, staff and students 
520 3 |a The modern history of the international monetary system (IMS) starts with the shift from a bimetallic system to the Gold Standard in the 1870s and 1880s. Under the Gold Standard, the major national currencies were freely convertible to gold at a fixed exchange rate, with adjustment largely undertaken through flexible prices, wages and income. This system survived up to the outbreak of the First World War, and while it was subsequently re-established in a modified form following a painful period of post-war disinflation, the economic and political strains of the Great Depression led to the system's ultimate collapse in the 1930s. Negotiations between the U.K. and U.S. in the 1940s led to the post war emergence of the Bretton Woods system of fixed and adjustable exchange rates tied to the dollar, with the dollar fixed to gold and the IMF established to oversee the system. However, this system too faced repeated strains, and with the dollar's link to gold broken and most major currencies floating in the early 1970s, the current arrangements centered on floating currencies were born. The U.S. dollar remained the key reserve currency in the new system, with U.S. Treasury Bills the major reserve asset. 
538 |a Mode of access: Internet 
650 7 |a Discussion  |2 imf 
650 7 |a Policy Discussion  |2 imf 
650 7 |a PP  |2 imf 
650 7 |a PPM Board  |2 imf 
650 7 |a PRGT Resource  |2 imf 
830 0 |a Policy Papers; Policy Paper ;  |v No. 2010/025 
856 4 0 |z Full text available on IMF  |u http://elibrary.imf.org/view/journals/007/2010/025/007.2010.issue-025-en.xml  |z IMF e-Library